|
|
|
|
| LEADER |
01272nam a2200397 a 4500 |
| 001 |
nkc20132520668 |
| 003 |
CZ PrNK |
| 005 |
20131218154834.0 |
| 007 |
ta |
| 008 |
131118s2013 xr a g 000 j cze |
| 015 |
|
|
|a cnb002520668
|
| 020 |
|
|
|a 978-80-7387-715-6
|q (váz.)
|
| 035 |
|
|
|a (OCoLC)867821689
|
| 040 |
|
|
|a OLA001
|b cze
|d ABA001
|
| 072 |
|
7 |
|a 821.162.3-3
|x Česká próza
|2 Konspekt
|9 25
|
| 080 |
|
|
|a 821.162.3-32
|2 MRF
|
| 080 |
|
|
|a 636.8
|2 MRF
|
| 080 |
|
|
|a (0:82-32)
|2 MRF
|
| 100 |
1 |
|
|a Oščádalová, Jana,
|d 1959-
|7 mzk2005274964
|4 aut
|
| 245 |
1 |
0 |
|a Kočičiny /
|c Jana Oščádalová ; ilustrovala Markéta Vydrová
|
| 250 |
|
|
|a Vyd. 1.
|
| 260 |
|
|
|a V Praze :
|b Triton,
|c 2013
|
| 300 |
|
|
|a 214 s. :
|b il. ;
|c 19 cm
|
| 490 |
1 |
|
|a Laskavé čtení
|
| 500 |
|
|
|a Na obálce: Jana Oščádalová a Tači
|
| 650 |
0 |
7 |
|a kočky
|7 ph115000
|2 czenas
|
| 650 |
0 |
9 |
|a cats
|2 eczenas
|
| 655 |
|
7 |
|a české příběhy
|7 fd133973
|2 czenas
|
| 655 |
|
9 |
|a Czech stories
|2 eczenas
|
| 700 |
1 |
|
|a Vydrová, Markéta,
|d 1968-
|7 xx0028719
|4 ill
|
| 830 |
|
0 |
|a Laskavé čtení
|0 s
|
| 910 |
2 |
|
|a BOA001
|b 1-1315.033
|
| 990 |
|
|
|a BK
|
| 995 |
|
|
|a 01
|
| 991 |
|
|
|b 201312
|e b
|
| 996 |
6 |
|
|b 2610569765
|c 1-1315.033
|l MZK
|r Sklad / do 1 hodiny
|n 1
|p p.v.
|w 001382390
|u 000010
|a 1
|e BOA001
|j MZK50
|s P
|